MARC

LEADER 00000nam0a2200000 4500
001 354880
005 20231102010733.0
035 |a (RuTPU)RU\TPU\retro\12139 
035 |a RU\TPU\retro\11858 
090 |a 354880 
100 |a 20200626d1958 k y0rusy50 ca 
101 0 |a rus 
102 |a RU 
105 |a a z 000zy 
200 1 |a О второй стадии пробоя твердых диэлектриков  |e [оттиск статьи]  |f К. К. Сончик 
210 |a Томск  |c Изд-во Томского ун-та  |d 1958 
215 |a С. 158-160  |c ил. 
225 1 |a Известия высших учебных заведений. Физика  |v № 6 
320 |9 572  |a Библиогр.: с. 60 
606 1 |a Диэлектрики твердые  |x Пробой  |2 stltpush  |3 (RuTPU)RU\TPU\subj\9794  |9 36964 
610 1 |a коллекция ТПУ 
610 1 |a труды учёных ТПУ 
610 1 |a оттиски 
610 1 |a спад 
610 1 |a напряжения 
610 1 |a кристаллы 
610 1 |a кристаллические решетки 
610 1 |a толщина 
610 1 |a ток 
610 1 |a разрушения 
675 |a 621.315.61.015.5  |v 4 
700 1 |a Сончик  |b К. К.  |c специалист в области электрооборудования летательных аппаратов  |c доцент Томского политехнического университета, кандидат технических наук  |c выпускник Томского политехнического института 1952 г.  |c ветеран Великой Отечественной войны  |f 1924-  |g Константин Константинович  |2 stltpush  |3 (RuTPU)RU\TPU\pers\27494 
801 1 |a RU  |b 63413507  |c 20200619 
801 2 |a RU  |b 63413507  |c 20200626  |g RCR 
942 |c BK